[Event "44th National A ch-IND"]
[Site "Atul IND"]
[Date "2006.12.28"]
[Round "12"]
[White "Parikh,V"]
[Black "Karavade,E"]
[Result "1-0"]
[WhiteElo "2394"]
[BlackElo "2321"]

1.e4 c5 2.Nf3 d6 3.Bb5+ Nd7 4.O-O Nf6 5.Re1 a6 6.Bxd7+ Nxd7 7.b3 e5 8.c3 Be7
9.d4 O-O 10.dxe5 Nxe5 11.Nxe5 dxe5 12.Qe2 b5 13.c4 Be6 14.Bb2 bxc4 15.bxc4 Qb8
16.Nc3 Bxc4 17.Qxc4 Qxb2 18.Rab1 Qa3 19.Nd5 Bg5 20.g3 h5 21.h4 Bh6 22.Kg2 Rae8
23.Red1 Kh8 24.Rd3 Qa5 25.Rb7 Rb8 26.Rdb3 Rxb7 27.Rxb7 Qe1 28.Nc3 Kg8 29.Qxc5 f5
30.Qc4+ Kh7 31.exf5 Rxf5 32.Ne4 Rf8 33.Qd3 Kh8 34.Rb6 Kg8 35.Rxa6 Bc1 36.Rb6 Qa5
37.Rc6 Bh6 38.Qc4+ Kh7 39.Rc5 Qe1 40.Qd3 Kh8 41.a4 Qb4 42.Rxe5 Qxa4 43.Rxh5 Qa2
44.Qd6 Qf7 45.Qd1 Qe6 46.Qd3 Qf7 47.Rb5 Qg6 48.Rd5 Qb6 49.Rd6 Qb8 50.Qd4 Kh7
51.Rd7 Qa8 52.Qd5 Qa4 53.Rc7 Qa3 54.Nd6  1-0

[Event "27th Open A"]
[Site "Bethune FRA"]
[Date "2006.12.28"]
[Round "6"]
[White "Depoorter,E"]
[Black "Van der Stricht,G"]
[Result "0-1"]
[WhiteElo "2177"]
[BlackElo "2414"]

1.e4 c5 2.Nf3 d6 3.Bb5+ Bd7 4.Bxd7+ Qxd7 5.O-O Nc6 6.c3 Nf6 7.d4 Nxe4 8.d5 Ne5
9.Re1 Nxf3+ 10.Qxf3 Nf6 11.c4 e5 12.dxe6 fxe6 13.Bg5 Be7 14.Nc3 h6 15.Bh4 O-O
16.Qh3 Kf7 17.Rad1 Rad8 18.Rd3 e5 19.Qf3 g5 20.Bg3 Qg4 21.Qxb7 Rb8 22.Qxa7 Ra8
23.Qc7 Qxc4 24.Red1 Rfc8 25.Qb7 Rab8 26.Qa7 Rxb2 27.h3 Rcb8 28.Rf3 R2b7 29.Qa5 Kg7
30.Rfd3 Rb6 31.Nd5 Nxd5 32.Rxd5 Rb1 33.Kh2 Rxd1 34.Rxd1 Qe6 35.Qc7 Rd8 36.Re1 Qd7
37.Qa5 Rc8 38.Qd2 Qc6 39.Qc2 c4 40.Re3 c3 41.f3 Qc4 42.Re4 Qb5 43.Be1 Qb2
44.Re2 Qb4 45.Bg3 Bf6 46.Qf5 Rc7 47.Rc2 Qa4 48.Qd3 Qd4 49.Qe4 Qxe4 50.fxe4 Rc4
51.Kg1 Kf7 52.Kf2 Rxe4 53.Rxc3 Ra4 54.Rc2 Ra3 55.Bh2 Ke6 56.Ke2 Bd8 57.Bg1 h5
58.Bf2 Bf6 59.Be1 Ra4 60.Bd2 g4 61.hxg4 hxg4 62.Be3 e4 63.Bc1 d5 64.Bf4 Be5
65.Bc1 d4 66.Kd1 d3 67.Rc6+ Kd5 68.Rg6 Rxa2 69.Rxg4 Ra1 70.Kd2 Bc3+ 71.Kxc3 Rxc1+
72.Kd2 Rc2+ 73.Kd1 Kd4 74.Rg8 Ra2 75.Rg4 Kc3  0-1

[Event "Masters 2006-7"]
[Site "Hastings ENG"]
[Date "2006.12.28"]
[Round "1"]
[White "Ansell,S"]
[Black "Henrichsen,J"]
[Result "1-0"]
[WhiteElo "2394"]
[BlackElo "2089"]

1.e4 c5 2.Nf3 d6 3.Bb5+ Bd7 4.Bxd7+ Qxd7 5.O-O Nc6 6.b3 Nf6 7.Re1 g6 8.c3 Bg7
9.d4 cxd4 10.cxd4 d5 11.e5 Ne4 12.Nbd2 Nxd2 13.Qxd2 e6 14.Ba3 Ne7 15.Ng5 h6
16.Nh3 O-O 17.Nf4 Rfc8 18.g4 Rc6 19.Nd3 b6 20.Rac1 Rac8 21.Rxc6 Nxc6 22.Qf4 Na5
23.Re3 Nb7 24.Rh3 Qe8 25.Rxh6 Bxh6 26.Qxh6 Nd8 27.Nf4 Nc6 28.Nh3 a5 29.Ng5 Nb4
30.Nh7  1-0

[Event "1st Open"]
[Site "Illes Medes ESP"]
[Date "2006.12.28"]
[Round "1"]
[White "Anibar,A"]
[Black "Lopez Martinez,J"]
[Result "0-1"]
[WhiteElo "2185"]
[BlackElo "2508"]

1.e4 c5 2.Nf3 d6 3.Bb5+ Bd7 4.Bxd7+ Qxd7 5.O-O Nc6 6.c3 Nf6 7.Qe2 e6 8.Rd1 Be7
9.d4 cxd4 10.cxd4 d5 11.e5 Ne4 12.Be3 O-O 13.Ne1 f6 14.f3 Ng5 15.Nc3 fxe5
16.dxe5 Nf7 17.f4 Nh6 18.Rac1 Qe8 19.Nb5 Qg6 20.Nd3 Ng4 21.Nd6 Na5 22.f5 exf5
23.Nf4 Qh6 24.Rxd5 Qxh2+ 25.Kf1 Nc6 26.Nxb7 Bg5 27.Rxc6 Bxf4 28.Bg1  0-1

[Event "Czech Christmas"]
[Site "Litomysl CZE"]
[Date "2006.12.28"]
[Round "4"]
[White "Neumeier,K"]
[Black "Zilka,S"]
[Result "0-1"]
[WhiteElo "2289"]
[BlackElo "2375"]

1.e4 c5 2.Nf3 d6 3.Bb5+ Nc6 4.Bxc6+ bxc6 5.O-O e5 6.d3 Be7 7.Re1 f5 8.exf5 Nf6
9.Nbd2 O-O 10.Ne4 Bxf5 11.Ng3 Bd7 12.c3 Nd5 13.h3 Rb8 14.d4 cxd4 15.cxd4 exd4
16.Nxd4 Qb6 17.Ne4 Rf7 18.b3 Rbf8 19.Ba3 c5 20.Nc2 Bc6 21.Bb2 Qb7 22.f3 Nf4
23.Nxd6 Bxd6 24.Qxd6 Bxf3 25.gxf3 Qxf3 26.Ne3 Qg3+ 27.Kh1 Qxh3+ 28.Kg1 Qg3+
29.Kh1 Rf5  0-1

[Event "Masters"]
[Site "Singapore SIN"]
[Date "2006.12.28"]
[Round "6"]
[White "Zhou Weiqi"]
[Black "Li Shilong"]
[Result "0-1"]
[WhiteElo "2435"]
[BlackElo "2524"]

1.e4 c5 2.Nf3 d6 3.Bb5+ Bd7 4.Bxd7+ Qxd7 5.O-O Nf6 6.e5 dxe5 7.Nxe5 Qc8 8.Nc3 Nc6
9.Nc4 e6 10.d3 Be7 11.Bg5 O-O 12.Qd2 b6 13.a4 Qb7 14.Rae1 Rad8 15.Qc1 Nd4
16.Ne4 Nxe4 17.Bxe7 Qxe7 18.dxe4 Qd7 19.b3 Qc7 20.f4 a6 21.e5 b5 22.axb5 axb5
23.Nd6 f6 24.Qb2 fxe5 25.fxe5 b4 26.Rxf8+ Rxf8 27.c3 bxc3 28.Qxc3 Qb6 29.Qc4 Qxb3
30.Qxc5 Qd3 31.Nc8 h6 32.Ne7+ Kh7 33.Qb6 Qf1+  0-1

[Event "Harmonie"]
[Site "Groningen NED"]
[Date "2006.12.29"]
[Round "8"]
[White "Burg,T"]
[Black "Degtiarev,E"]
[Result "0-1"]
[WhiteElo "2304"]
[BlackElo "2393"]

1.e4 c5 2.Nf3 d6 3.Bb5+ Nc6 4.O-O Bd7 5.c3 a6 6.Bxc6 Bxc6 7.e5 e6 8.Re1 dxe5
9.Nxe5 Ne7 10.Qh5 g6 11.Qh3 Bg7 12.d4 Bxe5 13.dxe5 Nf5 14.Nd2 h5 15.Nf3 Qb6
16.Rd1 Bd5 17.Ng5 Qc7 18.Bf4 O-O-O 19.f3 Bxa2 20.Rxd8+ Rxd8 21.Rxa2 Rd1+
22.Kf2 Qb6 23.g4 c4+ 24.Ke2 Qg1 25.Bg3 Nxg3+ 26.Qxg3 Qf1+ 27.Ke3 Rd3+ 28.Kf4 Qc1+
29.Ke4 Qe3+  0-1

[Event "Masters 2006-7"]
[Site "Hastings ENG"]
[Date "2006.12.29"]
[Round "2"]
[White "Parmar,A"]
[Black "Rice,C"]
[Result "1/2-1/2"]
[WhiteElo "1981"]
[BlackElo "2110"]

1.e4 c5 2.Nf3 d6 3.Bb5+ Bd7 4.Bxd7+ Qxd7 5.c4 g6 6.d4 cxd4 7.Nxd4 Bg7 8.O-O Nf6
9.Nc3 Nc6 10.Nde2 O-O 11.f3 Rfc8 12.Be3 Qd8 13.b3 a6 14.a4 Qa5 15.Qd2 h5
16.Rab1 Kh7 17.Kh1 Qd8 18.Rfd1 Qf8 19.h3  1/2-1/2

[Event "16th North American Open"]
[Site "Las Vegas USA"]
[Date "2006.12.29"]
[Round "7"]
[White "Khachiyan,M"]
[Black "Robson,R"]
[Result "0-1"]
[WhiteElo "2462"]
[BlackElo "2217"]

1.e4 c5 2.Nf3 d6 3.Bb5+ Bd7 4.Bxd7+ Qxd7 5.c4 Nf6 6.Nc3 g6 7.O-O Bg7 8.d4 cxd4
9.Nxd4 O-O 10.f3 Rc8 11.b3 d5 12.e5 Ne8 13.Nxd5 e6 14.Nc3 Bxe5 15.Be3 Rd8
16.Nde2 Qc7 17.Qe1 Bxh2+ 18.Kh1 Be5 19.Qh4 Nc6 20.Rad1 Qa5 21.Na4 Bf6 22.Qf2 Ne5
23.Nec3 Nxc4 24.bxc4 Bxc3 25.Nxc3 Qxc3 26.c5 e5 27.Bc1 Qc4 28.Bb2 Qxa2 29.Rxd8 Rxd8
30.Bxe5 Qxf2 31.Rxf2 Rd5 32.Bb8 Rxc5 33.Bxa7 Rd5 34.Rc2 Kf8 35.Bc5+ Kg7 36.Ba3 Rd7
37.Rc8 Nc7 38.g4 Ne6 39.Kg2 Rd2+ 40.Kg3 g5 41.Bb4 Rd8 42.Rc2 Rd3 43.Kf2 Rxf3+
44.Kxf3 Nd4+ 45.Ke4 Nxc2 46.Bc5 Kg6  0-1

[Event "Czech Christmas"]
[Site "Litomysl CZE"]
[Date "2006.12.29"]
[Round "5"]
[White "Zilka,S"]
[Black "Simacek,P"]
[Result "0-1"]
[WhiteElo "2375"]
[BlackElo "2479"]

1.e4 c5 2.Nf3 d6 3.Bb5+ Bd7 4.Bxd7+ Qxd7 5.c4 Nf6 6.Nc3 Nc6 7.d4 cxd4 8.Nxd4 g6
9.f3 Bg7 10.Be3 O-O 11.O-O a6 12.Qd2 b5 13.Nd5 Nxd5 14.cxd5 Nxd4 15.Bxd4 Bxd4+
16.Qxd4 Rfc8 17.Rfc1 Rc7 18.Rxc7 Qxc7 19.a4 bxa4 20.h4 Rb8 21.Kh2 Qc2 22.Qc3 Qf2
23.Rxa4 Rxb2 24.Qc8+ Kg7 25.Qh3 h5 26.Qg3 Qe2 27.f4 Rb1 28.Qf3 Qe1 29.Kh3 Qh1+
30.Kg3 Qe1+ 31.Kh3 Rc1 32.Ra3 Rc2 33.Re3 Qg1 34.Re2 Rxe2 35.Qxe2 Qd4 36.Qe1 a5
37.Qxa5 Qe3+ 38.g3 Qxe4 39.Kh2 Qc2+ 40.Kh3 Kh7 41.Qe1 Qf5+ 42.Kh2 Qf6 43.Qe3 Kg7
44.Kg2 Qb2+ 45.Kf3 Kf8 46.Qd3 Qf6 47.Kf2 Qa1 48.Kf3 Qg1 49.Qc3 Qf1+ 50.Ke3 Kg8
51.Qc8+ Kg7 52.Qc3+ Kh7 53.Qd2 Qg1+ 54.Kf3 Qh1+ 55.Ke3 Qf1 56.Qa2 Qg1+ 57.Kf3 Qd4
58.Qb3 Kg7 59.Qb7 Qd3+ 60.Kf2 Kf6 61.Kg2 Qe2+ 62.Kg1 Qf3  0-1

[Event "Masters"]
[Site "Singapore SIN"]
[Date "2006.12.29"]
[Round "8"]
[White "Zinmar Min Than"]
[Black "Lee TH,Bryan"]
[Result "1/2-1/2"]
[WhiteElo "2231"]
[BlackElo "1908"]

1.e4 c5 2.Nf3 d6 3.Bb5+ Bd7 4.Bxd7+ Qxd7 5.O-O Nc6 6.c3 Nf6 7.Re1 g6 8.d4 cxd4
9.cxd4 Bg7 10.Nc3 O-O 11.Bg5 Rac8 12.Qd2 Rfd8 13.Rac1 a6 14.Na4 Rb8 15.Nb6 Qe8
16.d5 Ne5 17.Nxe5 dxe5 18.Qb4 Qb5 19.Qxb5 axb5 20.Rc7 Rd6 21.Nc8 Rd7 22.Rxd7 Nxd7
23.Nxe7+ Kf8 24.d6 Ra8 25.Rc1 f6 26.Be3 Rxa2 27.g3 Kf7 28.b4 Ke6 29.Nc8 Bf8
30.Bc5 Ra8 31.Be3 Bxd6 32.Nxd6 Kxd6 33.Rd1+ Kc6 34.Rc1+ Kd6 35.Rd1+ Kc6 36.Rc1+ Kd6  1/2-1/2

[Event "Czech Christmas"]
[Site "Litomysl CZE"]
[Date "2006.12.30"]
[Round "7"]
[White "Krupa,M"]
[Black "Plischki,S"]
[Result "1/2-1/2"]
[WhiteElo "2309"]
[BlackElo "2389"]

1.e4 c5 2.Nf3 d6 3.Bb5+ Bd7 4.Bxd7+ Qxd7 5.O-O Nc6 6.c3 Nf6 7.d4 cxd4 8.cxd4 d5
9.e5 Ng8 10.Nc3 e6 11.Ne2 Nge7 12.Nf4 h5 13.Be3 Nf5 14.Rc1 Be7 15.Nd3 O-O-O
16.b4 Kb8 17.Qd2 Rc8 18.b5 Nd8 19.Rxc8+ Qxc8 20.Rc1 Qd7 21.a4 b6 22.Bg5 Bf8
23.Qc2 Nb7 24.Bd2 Be7 25.Nf4 g5 26.Ne2 g4 27.Ne1 h4 28.Qd3 Rc8 29.Rxc8+ Qxc8
30.g3 hxg3 31.fxg3 f6 32.exf6 Bxf6 33.Bf4+ Ka8 34.Nc2 Na5 35.Nb4 Kb7 36.Kg2 Qc4
37.Qxc4 Nxc4 38.Nc6 a6 39.Be5 axb5 40.axb5 Bg5 41.h4 gxh3+ 42.Kxh3 Nfd6 43.Kg4 Nxb5
44.Kxg5 Kxc6 45.Kf6 Nbd6 46.Kxe6 Ne4 47.g4 Ne3 48.Nf4 b5 49.Nd3 Nxg4 50.Nb4+ Kb6
51.Nxd5+ Ka5 52.Bc7+ Ka4 53.Kf5 Ngf2 54.Nb6+ Kb4 55.Ke5 Kc3 56.d5 b4 57.Kf4 b3
58.Be5+ Kb4 59.Bg7 Nc5 60.d6 b2  1/2-1/2

[Event "Masters 2006-7"]
[Site "Hastings ENG"]
[Date "2006.12.31"]
[Round "4"]
[White "Spanton,T"]
[Black "Mansson,J"]
[Result "0-1"]
[WhiteElo "2051"]
[BlackElo "2120"]

1.e4 c5 2.Nf3 d6 3.Bb5+ Bd7 4.Bxd7+ Qxd7 5.c4 Nc6 6.d4 cxd4 7.Nxd4 Nf6 8.Nc3 g6
9.Nde2 Bg7 10.f3 O-O 11.O-O a6 12.a4 Qd8 13.Kh1 Qa5 14.Bd2 Nd7 15.Nd5 Qd8
16.Bc3 Bxc3 17.Nexc3 e6 18.Ne3 Qb6 19.Qd2 Nc5 20.Rad1 Rad8 21.Ng4 Ne5 22.Nxe5 dxe5
23.Qc2 Qb4 24.h4 Qxc4 25.h5 Nb3 26.Qf2 Kg7 27.Qh4 f6 28.h6+ Kg8 29.Rfe1 Rd4
30.Qg4 Rfd8 31.Nd5 Kf7 32.Rxd4 Qxd4 33.Nc3 Qf2 34.Rg1 Qxb2 35.Nd1 Qe2 36.Nc3 Qc2
37.Nb1 Rd1  0-1

[Event "Masters 2006-7"]
[Site "Hastings ENG"]
[Date "2006.12.31"]
[Round "4"]
[White "Donovan,N"]
[Black "Gibson,Ch"]
[Result "1-0"]
[WhiteElo "2119"]
[BlackElo "2056"]

1.e4 c5 2.Nf3 d6 3.Bb5+ Bd7 4.Bxd7+ Qxd7 5.O-O g6 6.c3 Bg7 7.d4 cxd4 8.cxd4 Nc6
9.Nc3 f5 10.exf5 O-O-O 11.d5 Ne5 12.Nd4 Nh6 13.Ne6 Rdg8 14.Nxg7 Rxg7 15.Bxh6 Rgg8
16.f6  1-0

[Event "1st Open"]
[Site "Illes Medes ESP"]
[Date "2006.12.31"]
[Round "5"]
[White "Maze,S"]
[Black "Gerber,R"]
[Result "1/2-1/2"]
[WhiteElo "2510"]
[BlackElo "2365"]

1.e4 c5 2.Nf3 d6 3.Bb5+ Bd7 4.Bxd7+ Nxd7 5.O-O Ngf6 6.Qe2 e6 7.b3 Be7 8.Bb2 O-O
9.c4 a6 10.d4 cxd4 11.Nxd4 Qb6 12.Kh1 Rfe8 13.f4 d5 14.e5 Ne4 15.cxd5 exd5
16.Nd2 Ndc5 17.Nf5 Bf8 18.Bd4 Qb5 19.Rae1 Qxe2 20.Rxe2 Rac8 21.Rd1 Red8 22.g3 Ne6
23.Nf3 Nxd4 24.Rxd4 b5 25.Rd3 b4 26.Ne3 Nc3 27.Rc2 Rc5 28.Kg2 Rdc8 29.h4 h5
30.Ng5 Be7 31.Kf3 g6 32.Rcd2 Nb1 33.Rd1 Nc3 34.Nxd5 Nxd5 35.Rxd5 Rxd5 36.Rxd5 Rc3+
37.Ke4 Rxg3 38.Rd7 Bxg5 39.hxg5 h4 40.e6 fxe6 41.Ke5 Rf3 42.Rd8+ Kg7 43.Rd7+ Kg8
44.Rd8+ Kf7 45.Rd7+ Kg8 46.Rd8+  1/2-1/2

[Event "Masters 2006-7"]
[Site "Hastings ENG"]
[Date "2007.01.02"]
[Round "6"]
[White "Parmar,A"]
[Black "Mansson,J"]
[Result "0-1"]
[WhiteElo "1981"]
[BlackElo "2120"]

1.e4 c5 2.Nf3 d6 3.Bb5+ Bd7 4.Bxd7+ Qxd7 5.c4 Nc6 6.d4 cxd4 7.Nxd4 Nf6 8.Nc3 g6
9.O-O Bg7 10.Nde2 O-O 11.f3 a6 12.a4 Qd8 13.Be3 Nd7 14.b3 Qa5 15.Qd2 e6 16.Rab1 Rfd8
17.Rfd1 Nf6 18.Bg5 Rd7 19.Kh1 Qd8 20.h3 Qf8 21.f4 h6 22.Bh4 Qd8 23.Kh2 Nxe4
24.Nxe4 Qxh4 25.Nc5 Re7 26.Ne4 d5 27.cxd5 exd5 28.Qxd5 Rd8 29.Qc4 Rde8 30.N4g3 Nb8
31.b4 Nd7 32.Ng1 Ne5 33.Qe2 Qxf4 34.Rf1 Qg5 35.Qc2 Qh4 36.N1e2 Ng4+ 37.Kg1 Ne3
38.Qd2 Nxf1 39.Rxf1 Be5 40.Rf3 Bc7 41.Qb2  0-1

[Event "Masters 2006-7"]
[Site "Hastings ENG"]
[Date "2007.01.03"]
[Round "7"]
[White "Briscoe,C"]
[Black "Britton,R"]
[Result "1-0"]
[WhiteElo "2121"]
[BlackElo "2261"]

1.e4 c5 2.Nf3 d6 3.Bb5+ Bd7 4.Bxd7+ Qxd7 5.c4 Nf6 6.Nc3 Nc6 7.O-O e6 8.d4 cxd4
9.Nxd4 Be7 10.b3 O-O 11.Bb2 a6 12.a4 Qc7 13.Kh1 Qb6 14.Nxc6 bxc6 15.Rb1 Rfd8
16.Ba1 c5 17.f4 Nd7 18.Qf3 Bf8 19.Qh3 Re8 20.Rf3 Qb7 21.Rg3 g6 22.Rd3 Rac8
23.Rbd1 Rc7 24.Qh4 Be7 25.Qg3 Nf8 26.e5 dxe5 27.fxe5 Rd7 28.Nd5 exd5 29.cxd5 Qb8
30.Qf2 Rc8 31.e6 f5 32.Qb2  1-0

[Event "Australian Open"]
[Site "Tuggeranong AUS"]
[Date "2007.01.03"]
[Round "6"]
[White "Lin Zhigen,W"]
[Black "Oliver,G"]
[Result "1-0"]
[WhiteElo "2066"]
[BlackElo "2146"]

1.e4 c5 2.Nf3 d6 3.Bb5+ Bd7 4.Bxd7+ Qxd7 5.c4 Nc6 6.d4 cxd4 7.Nxd4 g6 8.Nc3 Bg7
9.Nde2 Nf6 10.f3 Qc7 11.Be3 O-O 12.O-O Nd7 13.b3 Nc5 14.Rb1 Ne5 15.Qd2 Rfe8
16.Kh1 Rad8 17.Rfd1 Qb8 18.a4 h5 19.h3 Qc8 20.f4 Ned7 21.b4 Na6 22.Nb5 Qxc4
23.Rdc1 Qxe4 24.Ng3 Qe6 25.f5 gxf5 26.Nxh5 Be5 27.Bxa7 Qg6 28.Nf4 Qg3 29.Rf1 Nf6
30.Rf3 Qg7 31.Qe1 Ne4 32.Nd3 Bg3 33.Qe3 e6 34.Bd4 Qg6 35.Nc3 Bh4 36.Nf4 Qh7
37.Nxe4 fxe4 38.Rg3+ Bxg3 39.Qxg3+ Kf8 40.Rf1 f5 41.Qg5 Nc7 42.Nxe6+ Nxe6
43.Rxf5+ Qxf5 44.Qxf5+ Kg8 45.Qg6+ Kf8 46.Qf6+ Kg8 47.Qh8+ Kf7 48.Qh7+ Kf8
49.Be3 Re7 50.Qxe4 d5 51.Qf5+ Ke8 52.Qg6+ Kd7 53.Bb6 Rc8 54.Qf5 Kc6 55.a5 Rce8
56.Qe5 Rd7 57.Qe2 Kd6 58.b5 Rc8 59.a6 bxa6 60.bxa6 d4 61.a7 Rb7 62.Qa6 Rxa7
63.Bxa7+ Rc6 64.Bb8+ Kd5 65.Qb5+ Nc5 66.Ba7  1-0

[Event "Australian Open"]
[Site "Tuggeranong AUS"]
[Date "2007.01.03"]
[Round "6"]
[White "Schon,E"]
[Black "Fedec,J"]
[Result "1-0"]
[WhiteElo "1849"]
[BlackElo "2029"]

1.e4 c5 2.Nf3 d6 3.Bb5+ Nd7 4.d4 Nf6 5.Nc3 a6 6.Bxd7+ Nxd7 7.O-O e6 8.d5 e5
9.Ne1 Be7 10.f4 exf4 11.Bxf4 O-O 12.Ne2 Re8 13.c4 Nf8 14.Nd3 Ng6 15.Bd2 Bf6
16.Ng3 Bxb2 17.Nxb2 Qh4 18.Qf3 Re7 19.Rae1 Bg4 20.Qf2 Rc7 21.h3 Bc8 22.Nf5 Qxf2+
23.Rxf2 Rd7 24.a4 b6 25.Nd3 f6 26.Bc3 Rb8 27.Rb1 Ne7 28.g4 Nxf5 29.exf5 Rdb7
30.Rfb2 Bd7 31.Bd2  1-0

[Event "Masters 2006-7"]
[Site "Hastings ENG"]
[Date "2007.01.04"]
[Round "8"]
[White "Greet,A"]
[Black "Eames,R"]
[Result "1-0"]
[WhiteElo "2439"]
[BlackElo "2311"]

1.e4 c5 2.Nf3 d6 3.Bb5+ Bd7 4.Bxd7+ Qxd7 5.c4 Nf6 6.Nc3 g6 7.d4 cxd4 8.Nxd4 Bg7
9.b3 Nc6 10.Bb2 O-O 11.O-O e6 12.Qd2 d5 13.exd5 Nxd4 14.Qxd4 Nxd5 15.Qd2 Nf6
16.Qxd7 Nxd7 17.Rad1 Rfd8 18.Na4 Ne5 19.Ba3 Nc6 20.g3 b6 21.Kg2 h5 22.h4 Bd4
23.Rd2 a6 24.Rfd1 b5 25.Bc5 e5 26.Bxd4 Rxd4 27.Rxd4 exd4 28.Nb2 Re8 29.Rd2 Re1
30.Nd3 Ra1 31.cxb5 axb5 32.Kf3 f5 33.Kf4 Kg7 34.Ne5 Ne7 35.Rxd4 Rxa2 36.Rd7 Kf8
37.Kg5 Rxf2 38.Rd8+ Kg7 39.Rd7 Kf8 40.Kf6 Ng8+ 41.Ke6 Re2 42.Rf7+ Ke8 43.Rg7 Kf8
44.Rf7+ Ke8 45.Rg7 Kf8 46.Rxg6 Re3 47.Rg5 Ne7 48.Rxh5 b4 49.Rg5 Rxb3 50.Nd7+ Ke8
51.Rg7 Re3+ 52.Ne5 Kf8 53.Rf7+ Kg8 54.Rxe7 Rxg3 55.Kf6  1-0

[Event "Rilton Cup 2006-7"]
[Site "Stockholm SWE"]
[Date "2007.01.05"]
[Round "9"]
[White "Persson,A"]
[Black "Marttala,T"]
[Result "0-1"]
[WhiteElo "2127"]
[BlackElo "2262"]

1.e4 c5 2.Nf3 d6 3.Bb5+ Bd7 4.Bxd7+ Nxd7 5.b3 Ngf6 6.Qe2 g6 7.Bb2 Bg7 8.O-O O-O
9.c4 e5 10.Nc3 Nb8 11.d3 Nc6 12.Nd5 Nd7 13.Nd2 Nd4 14.Bxd4 cxd4 15.b4 Rc8
16.a4 Bh6 17.Nb3 Nf6 18.Na5 Nxd5 19.cxd5 Rc3 20.Nc4 Qd7 21.b5 Rc8 22.Rfb1 f5
23.f3 R8xc4 24.dxc4 fxe4 25.fxe4 Re3 26.Qc2 Qg4 27.Re1 d3 28.Qf2 Qxe4 29.Rf1 Bf4
30.g3 Re2 31.Qf3 Be3+ 32.Kh1 Qxf3+ 33.Rxf3 e4 34.Rff1 d2 35.Rad1 Bd4 36.Rb1 b6  0-1

[Event "Keres Mem B"]
[Site "Tallinn EST"]
[Date "2007.01.07"]
[Round "3"]
[White "Smirnov,Arte"]
[Black "Kanep,M"]
[Result "1/2-1/2"]
[WhiteElo "2385"]
[BlackElo "2504"]

1.e4 c5 2.Nf3 d6 3.Bb5+ Bd7 4.Bxd7+ Qxd7 5.O-O Nf6 6.Qe2 e6 7.c3 Nc6 8.d4 cxd4
9.cxd4 d5 10.e5 Ng8 11.Nc3 Nge7 12.Rd1 Nc8 13.Qd3 Nb6 14.Ne2 Nb4 15.Qb1 Rc8
16.Nc3 Na4 17.Bd2 Be7 18.a3 Nxc3 19.Bxc3 Nc6 20.Qd3 O-O 21.Rac1 a6 22.Rc2 Na7
23.Rdc1 Rc6 24.Bd2 Rfc8 25.Rxc6 Rxc6 26.Rxc6 Qxc6 27.Kf1 Qb6 28.Qc2 Nc6 29.Bc3 Qb5+
30.Ke1 h6 31.a4 Qb6 32.g4 Bb4 33.Kf1 Ne7 34.Kg2 Qc7 35.h4 Bxc3 36.bxc3 Qc4
37.h5 b5 38.axb5 Qxb5 39.Qa2 a5 40.Qa3 Nc8 41.Kg3 a4 42.g5 hxg5 43.Nxg5 Qc6
44.Nf3 Qd7 45.Qb4 f6 46.Qa5 Kh7 47.Kh4 Ne7 48.Qa8 Nf5+ 49.Kg4 Nh6+ 50.Kh4 Nf7
51.exf6 gxf6 52.Qf8 e5 53.dxe5 fxe5 54.Kg3 Qf5 55.Nh2 Qf4+ 56.Kg2 e4 57.Nf1 Qf3+
58.Kg1 a3 59.Qxa3 d4 60.Qc5 Qg4+ 61.Ng3 d3 62.Qd5 Ng5 63.Qf5+ Qxf5 64.Nxf5 d2
65.Ne3 Kh6 66.Kf1 Kxh5 67.Ke2 Nh3 68.Nd1 Kg5 69.Ke3 Kf5 70.Kxd2 Kf4 71.Ke2 Ke5
72.Ke3 Nf4 73.Nb2 Ng2+ 74.Ke2 Kd5 75.Nd1 Ke5 76.Ne3 Nf4+ 77.Kd2 Nd3 78.Ke2 Nf4+
79.Kd2 Nd3 80.Nd1 Kf4 81.Ke2 Nc1+  1/2-1/2

[Event "ch-BLR"]
[Site "Minsk BLR"]
[Date "2007.01.10"]
[Round "1"]
[White "Teterev,V"]
[Black "Mihajlovskij,S"]
[Result "1/2-1/2"]
[WhiteElo "2516"]
[BlackElo "2451"]

1.e4 c5 2.Nf3 d6 3.Bb5+ Bd7 4.Bxd7+ Nxd7 5.O-O Ngf6 6.Qe2 e6 7.c3 Rc8 8.d4 cxd4
9.cxd4 d5 10.e5 Ng8 11.Nc3 Ne7 12.Bg5 a6 13.Rac1 h6 14.Bf4 Nb6 15.Qd3 Nc6
16.Nd2 Qh4 17.Ne2 Be7 18.Nf3 Qg4 19.Qb3 Bd8 20.Rc3  1/2-1/2

[Event "4NCL 2006-07"]
[Site "Coventry ENG"]
[Date "2007.01.13"]
[Round "5"]
[White "Quillan,G"]
[Black "Tan,Des"]
[Result "1-0"]
[WhiteElo "2354"]
[BlackElo "2329"]

1.e4 c5 2.Nf3 d6 3.Bb5+ Bd7 4.Bxd7+ Qxd7 5.c4 Nc6 6.Nc3 g6 7.d4 cxd4 8.Nxd4 Bg7
9.Nde2 Nf6 10.O-O O-O 11.f3 Rfc8 12.Be3 Qd8 13.Qd2 Qa5 14.b3 a6 15.a4 Nd7
16.Rab1 Qd8 17.Rfd1 Rab8 18.Qe1 Qf8 19.Qh4 Rd8 20.Nd5 e6 21.Ndc3 Rbc8 22.Bg5 f6
23.Be3 Nb4 24.Qh3 Qe7 25.f4 Nc5 26.f5 exf5 27.exf5 d5 28.cxd5 Ne4 29.Bb6 Qd6
30.a5 Nxc3 31.Nxc3 Re8 32.fxg6 hxg6 33.Ne4 Qe5 34.d6  1-0

[Event "Open A"]
[Site "Prague CZE"]
[Date "2007.01.13"]
[Round "3"]
[White "Hardarson,R"]
[Black "Sindler,M"]
[Result "1/2-1/2"]
[WhiteElo "2316"]
[BlackElo "2139"]

1.e4 c5 2.Nf3 d6 3.Bb5+ Nd7 4.c3 Nf6 5.Qe2 a6 6.Ba4 e5 7.d4 b5 8.Bc2 g6 9.O-O Bg7
10.a4 Rb8 11.axb5 axb5 12.Rd1 Qb6 13.dxe5 dxe5 14.b4 c4 15.Nbd2 O-O 16.Nf1 Qc6
17.Ng3 Re8 18.h3 Bb7 19.Be3 Ra8 20.Qe1 Rxa1 21.Rxa1 Ra8 22.Rxa8+ Bxa8 23.Qa1 Bf8
24.Qa5 Kg7 25.Nh4 Bb7 26.Kf1 Qa6 27.Qxa6 Bxa6 28.Nf3 Bb7 29.Nd2  1/2-1/2

[Event "TCh-BEL 2006-7"]
[Site "Belgium BEL"]
[Date "2007.01.14"]
[Round "6"]
[White "Coenen,N"]
[Black "Van Beers,E"]
[Result "0-1"]
[WhiteElo "2379"]
[BlackElo "2357"]

1.e4 c5 2.Nf3 d6 3.Bb5+ Nd7 4.O-O Nf6 5.Re1 a6 6.Bf1 b6 7.d4 cxd4 8.Nxd4 Bb7
9.c4 e6 10.Nc3 Be7 11.f3 Rc8 12.Nc2 Ne5 13.Ne3 Qc7 14.Bd2 g5 15.a4 Rg8 16.a5 g4
17.f4 Nf3+ 18.gxf3 gxf3+ 19.Ng2 fxg2 20.Bxg2 Qxc4 21.Ra4 Qc7 22.axb6 Qxb6+
23.Kh1 Ng4 24.Qf3 Nf2+ 25.Kg1 Nxe4+  0-1

[Event "14th Western Class Ch."]
[Site "Agoura Hills USA"]
[Date "2007.01.15"]
[Round "7"]
[White "Khachiyan,M"]
[Black "Pruess,D"]
[Result "1-0"]
[WhiteElo "2469"]
[BlackElo "2402"]

1.e4 c5 2.Nf3 d6 3.Bb5+ Bd7 4.Bxd7+ Qxd7 5.c4 Qg4 6.O-O Qxe4 7.d4 cxd4 8.Nxd4 Nc6
9.Nb5 O-O-O 10.Be3 Kb8 11.Qc1 Qf5 12.N1c3 a6 13.a4 Nf6 14.Qd2 Ne4 15.Nxe4 Qxe4
16.Rfe1 Qxc4 17.Rec1 Qb4 18.Qxb4 Nxb4 19.Ba7+ Ka8 20.Bb6 axb5 21.Bxd8 b6
22.axb5+ Kb7 23.Rc7+ Kb8 24.Rca7  1-0

[Event "zt 3.3"]
[Site "Phu Quoc VIE"]
[Date "2007.01.15"]
[Round "6"]
[White "Antonio,R"]
[Black "Gundavaa,B"]
[Result "1/2-1/2"]
[WhiteElo "2551"]
[BlackElo "2256"]

1.e4 c5 2.Nf3 d6 3.Bb5+ Bd7 4.Bxd7+ Qxd7 5.O-O Nc6 6.c4 Nf6 7.Nc3 g6 8.d4 cxd4
9.Nxd4 Bg7 10.Nde2 O-O 11.f3 a6 12.Bg5 e6 13.Qd2 Ne5 14.b3 b5 15.cxb5 axb5
16.Rfd1 d5 17.exd5 Nxd5 18.Nxd5 exd5 19.Bh6 Rfe8 20.Bxg7 Kxg7 21.Nc3 Rad8
22.Qd4 f6 23.Kh1 Nc6 24.Qc5 d4 25.Qxb5 Re5 26.Qc4 Qe6 27.Qxe6 Rxe6 28.Ne4 f5
29.Nc5 Red6 30.Nd3 Kf6 31.f4 g5 32.Rac1 Rd5 33.fxg5+ Kxg5 34.a4 Ne5 35.Nxe5 Rxe5
36.Kg1 Re2 37.Kf1 Re3 38.Rc4 Rxb3 39.Rcxd4 Rxd4 40.Rxd4 Ra3 41.h4+ Kf6 42.Rb4 Ke5
43.Kg1 f4 44.Rb5+ Ke4 45.a5 f3 46.gxf3+ Kxf3 47.h5 h6 48.Kh2 Ra2+ 49.Kh3 Ra1
50.Rb3+ Kf4 51.Rb4+ Kf3 52.Rb3+ Kf4 53.Rb4+ Kf3 54.Rb3+ Kf4 55.Rb6 Rxa5 56.Rxh6  1/2-1/2

[Event "ch-Kyiv"]
[Site "Kyiv UKR"]
[Date "2007.01.20"]
[Round "1"]
[White "Marusenko,P"]
[Black "Brozhik,V"]
[Result "1-0"]
[WhiteElo "2330"]
[BlackElo "2172"]

1.e4 c5 2.Nf3 d6 3.Bb5+ Bd7 4.Bxd7+ Qxd7 5.O-O e6 6.c3 Nf6 7.Qe2 Be7 8.d4 O-O
9.dxc5 dxc5 10.e5 Nd5 11.c4 Nb4 12.Rd1 Qc7 13.Nc3 N8c6 14.a3 Na6 15.Nb5 Qc8
16.Qe4 Nc7 17.Bg5 h6 18.Bxe7 Nxe7 19.Nd6 Qb8 20.Nxb7 a5 21.Nxc5 Qxb2 22.Rdb1 f5
23.Qh4 Qc3 24.Rc1 Qb2 25.Qxe7 Rf7 26.Qd6 Re8 27.Rcb1 Qc3 28.Qd4  1-0

[Event "ch-EST w"]
[Site "Tallinn EST"]
[Date "2007.01.21"]
[Round "2"]
[White "Narva,T"]
[Black "Kyrge,K"]
[Result "1-0"]
[WhiteElo "1826"]
[BlackElo "1899"]

1.e4 c5 2.Nf3 d6 3.Bb5+ Bd7 4.Bxd7+ Qxd7 5.O-O g6 6.c3 Bg7 7.d4 cxd4 8.cxd4 Nf6
9.Nc3 Nc6 10.Re1 O-O 11.Bf4 Rad8 12.d5 Nb8 13.Qd2 Rfe8 14.Rac1 Na6 15.h3 Nc5
16.Kh1 b5 17.b4 Na6 18.a3 Rc8 19.Nd4 Nc7 20.Nc6 a6 21.Qd3 e5 22.Be3 Rf8 23.a4 bxa4
24.Nxa4 Na8 25.Qxa6 Kh8 26.b5 Nc7 27.Qb7 Nxb5 28.Qxb5 Rb8 29.Nb6 Qe8 30.Qa6  1-0